kraje leżące najdalej od Polski - Statystyki

Ogólne statystyki
  • Ten quiz został rozwiązany 715 razy
    664 od ostatniego zresetowania
  • Średni wynik to 9 z 15
Statystyki odpowiedzi
Hint Odpowiedź % Poprawnych
13 860 km Australia
94%
17 824 km Nowa Zelandia
89%
12 973 km Argentyna
77%
13 108 km Chile
75%
10 150 km Brazylia
70%
11 111 km Peru
67%
11 088 km boliwia
64%
12 012 km Urugwaj
63%
10 290 km Indonezja
62%
11 251 km Paragwaj
60%
10 809 km Ekwador
57%
12 773 km Papua Nowa Gwinea
53%
9 979 km Meksyk
43%
9 893 km gwatemala
25%
9 997 km salwador
23%
Nie znaleziono quizów pasujących do podanych kryteriów
Rozkład punktacji
Procent ludzi z każdym wynikiem
Percentyl według liczby udzielonych odpowiedzi
Twoja historia wyników
Nie rozwiązałeś tego quizu od ostatniego zresetowania